000 00241nam a2200097Ia 4500
001 682995
005 20250826161429.0
008 250824s9999 xx 000 0 und d
245 0 _aGELİBOLU CİLTLİ
_cBUKET UZUNER
260 _bEVEREST YAYINLARI
999 _c682995
_d682995